[Event "Tarragona Province-ch"]
[Site "Tarragona"]
[Date "2018.10.14"]
[Round "3"]
[White "Cortes Simon, Pedro Antonio"]
[Black "Pujol Codinach, Eduard"]
[Result "1/2-1/2"]
[WhiteElo "1900"]
[BlackElo "2038"]
[PlyCount "38"]
[EventDate "2018.09.30"]
[EventType "swiss"]
[EventRounds "9"]
[EventCountry "ESP"]
[SourceTitle "CBM 187 Extra"]
[Source "ChessBase"]
[SourceDate "2018.11.04"]
[SourceVersion "1"]
[SourceVersionDate "2018.11.04"]
[SourceQuality "1"]

1. e4 c5 2. Nf3 d6 3. d4 cxd4 4. Nxd4 Nf6 5. Nc3 g6 6. Be3 Bg7 7. f3 0-0 8. Qd2 Nc6 9. Bc4 Nxd4 10. Bxd4 Qa5 11. 0-0-0 Be6 12. Bxe6 fxe6 13. Kb1 b5 14. Rhe1 b4 15. Ne2 e5 16. Be3 Qb5 17. Qd3 Qb7 18. Qb3+ Kh8 19. Nc3 a5 1/2-1/2

[Event "Tarragona Province-ch"]
[Site "Tarragona"]
[Date "2015.10.04"]
[Round "2"]
[White "Pujol Codinach, Eduard"]
[Black "Cases Arasa, Jordi"]
[Result "1/2-1/2"]
[WhiteElo "2133"]
[BlackElo "1973"]
[PlyCount "27"]
[EventDate "2015.09.27"]
[EventType "swiss"]
[EventRounds "9"]
[EventCountry "ESP"]
[SourceTitle "EXT 2017"]
[Source "ChessBase"]
[SourceDate "2016.10.25"]
[SourceVersion "1"]
[SourceVersionDate "2016.10.25"]
[SourceQuality "1"]

1. c4 e6 2. g3 c6 3. Bg2 d5 4. Nf3 Nf6 5. b3 Be7 6. Bb2 0-0 7. 0-0 Nbd7 8. d4 a6 9. a4 dxc4 10. bxc4 a5 11. Nc3 Nb8 12. e4 Na6 13. d5 exd5 14. cxd5 1/2-1/2

[Event "Torredembarra op 8th"]
[Site "Torredembarra"]
[Date "2006.07.16"]
[Round "9"]
[White "Llaneza Vega, Patricia"]
[Black "Pujol Codinach, Eduard"]
[Result "1-0"]
[WhiteElo "2256"]
[BlackElo "2105"]
[PlyCount "59"]
[EventDate "2006.07.08"]
[EventType "swiss"]
[EventRounds "9"]
[EventCountry "ESP"]
[SourceTitle "EXT 2019"]
[Source "ChessBase"]
[SourceDate "2018.10.10"]
[SourceVersion "1"]
[SourceVersionDate "2018.10.10"]
[SourceQuality "1"]

1. e4 c5 2. Nf3 e6 3. d4 cxd4 4. Nxd4 a6 5. c4 Nf6 6. Nc3 Bb4 7. Qc2 Nc6 8. Nxc6 dxc6 9. a3 Be7 10. e5 Nd7 11. Bf4 0-0 12. Bd3 f5 13. exf6 Nxf6 14. 0-0 Qa5 15. Bg3 Qh5 16. Na4 b5 17. Nb6 Ra7 18. cxb5 axb5 19. Qxc6 Qc5 20. Rac1 Qxc6 21. Rxc6 Bb7 22. Rxe6 Bc5 23. Bd6 Bxd6 24. Rxd6 b4 25. axb4 Be4 26. Bc4+ Kh8 27. f3 Bf5 28. b5 Ne8 29. Rd8 Rb7 30. Re1 1-0

[Event "Tarragona-ch"]
[Site "Tarragona"]
[Date "2003.??.??"]
[Round "8"]
[White "Gonzalez Freixas, Albert"]
[Black "Pujol Codinach, Eduard"]
[Result "1/2-1/2"]
[WhiteElo "2250"]
[BlackElo "2205"]
[PlyCount "43"]
[EventDate "2003.??.??"]
[EventType "swiss"]
[EventRounds "9"]
[EventCountry "ESP"]
[SourceTitle "EXT 2007"]
[Source "ChessBase"]
[SourceDate "2006.11.23"]
[SourceVersion "1"]
[SourceVersionDate "2006.11.23"]
[SourceQuality "1"]

1. e4 c5 2. b3 d6 3. f4 Nf6 4. Nc3 g6 5. e5 dxe5 6. fxe5 Nd5 7. Qf3 e6 8. Bb5+ Nc6 9. Bxc6+ bxc6 10. Ne4 Qh4+ 11. g3 Qh5 12. Qxh5 gxh5 13. Ba3 Nb4 14. 0-0-0 a5 15. d4 cxd4 16. Nf6+ Kd8 17. Rxd4+ Kc7 18. Ne8+ Kb6 19. Nd6 c5 20. Nxc8+ Rxc8 21. Rd7 c4 22. Bxb4 1/2-1/2

[Event "Tarragona-ch"]
[Site "Tarragona"]
[Date "2003.??.??"]
[Round "5"]
[White "Pujol Codinach, Eduard"]
[Black "Belles Garcia, Vicente"]
[Result "1/2-1/2"]
[WhiteElo "2205"]
[BlackElo "2155"]
[PlyCount "61"]
[EventDate "2003.??.??"]
[EventType "swiss"]
[EventRounds "9"]
[EventCountry "ESP"]
[SourceTitle "EXT 2007"]
[Source "ChessBase"]
[SourceDate "2006.11.23"]
[SourceVersion "1"]
[SourceVersionDate "2006.11.23"]
[SourceQuality "1"]

1. d4 Nf6 2. Nf3 e6 3. e3 b6 4. Bd3 Bb7 5. 0-0 d5 6. b3 Bd6 7. Bb2 0-0 8. Nbd2 Ne4 9. c4 f5 10. Ne5 Bxe5 11. dxe5 Nxd2 12. Qxd2 dxc4 13. bxc4 c5 14. Rfd1 Nc6 15. Be2 Qxd2 16. Rxd2 Rfd8 17. Rxd8+ Rxd8 18. Bc3 g5 19. Rb1 g4 20. a4 Rd7 21. f3 h5 22. Kf2 Ba6 23. h3 gxh3 24. gxh3 Na5 25. Bxa5 bxa5 26. Rb2 h4 27. Rb8+ Kg7 28. Rb2 Rb7 29. Rxb7+ Bxb7 30. f4 Be4 31. Bd1 1/2-1/2

[Event "Tarragona Province-ch 45th"]
[Site "Tarragona"]
[Date "2002.10.06"]
[Round "1"]
[White "Mane Bernat, Josep"]
[Black "Pujol Codinach, Eduard"]
[Result "1/2-1/2"]
[WhiteElo "2121"]
[BlackElo "2111"]
[PlyCount "91"]
[EventDate "2002.11.02"]
[EventType "swiss"]
[EventRounds "8"]
[EventCountry "ESP"]
[SourceTitle "CBM 091 Extra"]
[Source "ChessBase"]
[SourceDate "2003.01.09"]
[SourceVersion "1"]
[SourceVersionDate "2003.01.09"]
[SourceQuality "1"]

1. Nf3 Nf6 2. d4 g6 3. Bg5 Bg7 4. Qc1 h6 5. Bf4 c5 6. c3 cxd4 7. cxd4 Qa5+ 8. Nc3 Nc6 9. Bd2 d5 10. Ne4 Qb6 11. Nxf6+ Bxf6 12. e3 Bf5 13. a3 Rc8 14. Bc3 0-0 15. Qd2 h5 16. h3 Qd8 17. Bd3 Bxd3 18. Qxd3 Qd7 19. Rc1 a6 20. 0-0 Rfe8 21. Rfd1 e6 22. Rc2 Na7 23. Rdc1 Nb5 24. Ne5 Bxe5 25. dxe5 Nxc3 26. Rxc3 Rxc3 27. Rxc3 Rc8 28. Qc2 Rxc3 29. Qxc3 Kf8 30. Kf1 Qb5+ 31. Ke1 Ke7 32. Qc7+ Qd7 33. Qc5+ Kd8 34. Kd2 Qe7 35. Qc3 Qc7 36. h4 Qxc3+ 37. Kxc3 Kc7 38. Kb4 b6 39. b3 Kc6 40. Kc3 a5 41. Kd4 Kb5 42. g3 Kc6 43. Kc3 Kc5 44. f3 Kb5 45. Kd4 Kc6 46. Kd3 1/2-1/2